LIBRARY & INFORMATION CENTRE, KCAET, TAVANUR

ONLINE PUBLIC ACCESS CATALOGUE (OPAC)

Normal view MARC view
  • Mohamad Aslam, C

Entry Personal Name

Number of records used in: 1

001 - CONTROL NUMBER

  • control field: 3030

003 - CONTROL NUMBER IDENTIFIER

  • control field: OSt

005 - DATE AND TIME OF LATEST TRANSACTION

  • control field: 20180303152116.0

008 - FIXED-LENGTH DATA ELEMENTS

  • fixed length control field: 180303|| aca||aabn | a|a d

040 ## - CATALOGING SOURCE

  • Original cataloging agency: OSt
  • Transcribing agency: OSt

100 ## - HEADING--PERSONAL NAME

  • Personal name: Mohamad Aslam, C

670 ## - SOURCE DATA FOUND

  • Source citation: Work cat.: (OSt)15351: ANITHA, P. P 3029, Design development and testing of an automatic drip irrigation system, 1990
free website counter